书目信息 |
| 题名: |
一桌十三人
|
|
| 作者: | 约卡伊 著 ;汤真 译 | |
| 分册: | ||
| 出版信息: | 广州 花城出版社 1982 |
|
| 页数: | 240页 | |
| 开本: | 19cm | |
| 丛书名: | ||
| 单 册: | ||
| 中图分类: | I515.45 , I515.44 | |
| 科图分类: | ||
| 主题词: | 长篇小说--匈牙利--现代 | |
| 电子资源: | ||
| ISBN: | ||
| 000 | 00712nam0 2200265 45 | |
| 001 | 0182002269 | |
| 005 | 20040413090742.4 | |
| 010 | @dCNY0.71 | |
| 091 | @a10261.166 | |
| 100 | @a19950222d1982 em y0chiy0121 ea | |
| 101 | 1 | @achi@chun |
| 102 | @aCN@b440000 | |
| 105 | @ay z 000ay | |
| 106 | @ar | |
| 200 | 10 | @a一桌十三人@Ayi zhuo shi san ren@f(匈)约卡伊·莫尔著@g汤真译 |
| 210 | @a广州@c花城出版社@d1982 | |
| 215 | @a240页@d19cm | |
| 606 | @a长篇小说@y匈牙利@z现代 | |
| 690 | @aI515.45@v3 | |
| 690 | @aI515.44 | |
| 701 | 0 | @a约卡伊@Ayue ka yi@b莫尔@4著 |
| 702 | 0 | @a汤真@Atang zhen@4译 |
| 801 | 0 | @aCN@b上海图书馆@c20040413 |
| 801 | 2 | @aCN@bNLC@c20040413 |
| 905 | @f2@b146702-703@dI515.44@e12 | |
| 一桌十三人/(匈)约卡伊·莫尔著/汤真译.-广州:花城出版社,1982 |
| 240页;19cm |
| ISBN :CNY0.71 |
| ● |
| 相关链接 |
|
|
|
|
正题名:一桌十三人
索取号:I515.44/12
 
预约/预借
| 序号 | 登录号 | 条形码 | 馆藏地/架位号 | 状态 | 备注 |
| 1 | 0146702 | 000334418 | 第二借阅区/ [索取号:I515.44/12] | 在馆 | |
| 2 | 0146703 | 000334454 | 第二借阅区/ [索取号:I515.44/12] | 在馆 | |
| 3 | 0146704 | 000334490 | 第一样本阅览室/ [索取号:I515.44/12] | 在馆 |